|
|
|
|
| LEADER |
00000nab#a22000007a#4500 |
| 001 |
arbauad004112 |
| 003 |
AR-BaUAD |
| 005 |
20250711110622.0 |
| 008 |
940413|||||||||###||||||b###|0###a|spa|| |
| 040 |
|
|
|a AR-BaUAD
|c AR-BaUAD
|b spa
|
| 245 |
1 |
0 |
|a Hospital Provincial de Rosario
|b primer premio del concurso de croquis preliminares
|
| 300 |
0 |
|
|b cortes, plantas
|
| 653 |
|
|
|a MANTEOLA-PETCHERSKY-SANCHEZ GOMEZ-SANTOS-SOLSONA-VIÑOLY
|
| 653 |
|
|
|a HOSPITALES
|
| 653 |
|
|
|a HOSPITAL PROVINCIAL DE ROSARIO
|
| 653 |
|
|
|a SANTA FE
|
| 653 |
|
|
|a ROSARIO
|
| 653 |
|
|
|a ARGENTINA
|
| 653 |
|
|
|a CONCURSOS
|
| 653 |
|
|
|a MANTEOLA, FLORA
|
| 653 |
|
|
|a PETCHERSKY, IGNACIO
|
| 653 |
|
|
|a SANCHEZ GOMEZ, JAVIER
|
| 653 |
|
|
|a SANTOS, JOSEFINA
|
| 653 |
|
|
|a SOLSONA, JUSTO
|
| 653 |
|
|
|a VIÑOLY, RAFAEL
|
| 653 |
|
|
|a ARQUITECTURA HOSPITALARIA
|
| 773 |
0 |
|
|t SUMMA
|g no. 39-40 [jul.-ago. 1971], p. 83-86
|
| 942 |
|
|
|c ARTI
|
| 952 |
|
|
|0 0
|1 0
|4 0
|7 0
|9 49032
|a AR-BAuAD
|b AR-BAuAD
|d 2025-07-11
|l 0
|p AAQA004112
|r 2025-07-11 11:06:22
|w 2025-07-11
|y ARTI
|
| 990 |
|
|
|a AQ197
|b TD
|
| 998 |
|
|
|a AAQ
|b BIBUN76
|
| 999 |
|
|
|c 28705
|d 28705
|